000 00649nam a2200217Ia 4500
005 20221124101410.0
008 131103s9999 xx 000 0 und d
020 _a761998497
_cRs 580
040 _aLoreto College
041 _aEnglish
082 _a954.14
_bBAN
100 _aBandyopadhyay, Sekhar
245 _aCaste, Culture and Hegemony
_b Social dominance in colonial Bengal
_cSekhar Bandyopadhyay
260 _aNew Delhi
_bSage Publications
_c2004
300 _a252p
504 _aIncludes bibliography and index
650 _aCaste - India - Bengal
651 _aBengal (India) - Social Conditions
850 _aLCLIB
942 _cBK
999 _c13418
_d63897